000 00775nam a2200241Ia 4500
003 OSt
005 20220923212804.0
006 a|||||r|||| 00| 0
007 ta
008 220922b |||||||| |||| 00| 0 hin d
024 _a155,801
037 _cTextual
040 _aARTS
_cARTS
_bhin
041 _2hin
_ahin
082 _aO152:f, K6
100 _aशर्मा, रामगोपाल, संपा.
245 0 _aअध्ययन और अन्वेषण
246 _aAdhyayan aur anveṣhaṇa
260 _aदिल्ली
_b नेशनल पब्लि हाउस
_c1966
300 _a165 पृ.
_ccm.
942 _hO152:f, K6
_cTEXL
_2CC
999 _c311269
_d311269